Les pokemon qui a le plus d'attaque - Statistiques

Statistiques générales
  • Ce quiz a été pris 21 fois
    4 depuis la dernière actualisation
  • Le résultat moyen est 128 sur 377
Statistiques - réponses
Hint Réponse % Correct
190 mega mewtwo x
100%
150 méga mewtwo y
100%
185 mega scarhino
100%
100 mew
100%
110 mewtwo
100%
125 scarhino
100%
120 arceus
67%
107 archeduc
67%
112 archeduc de hisui
67%
120 baojian
67%
115 boreas
67%
100 boreas totemique
67%
115 branette
67%
120 brasegali
67%
130 carchacrok
67%
100 celebi
67%
100 clamiral
67%
100 clamiral de hisui
67%
125 crefadet
67%
105 crefollet
67%
140 darumacho
67%
140 darumacho de galar
67%
160 darumacho de galar mode zen
67%
125 demeteros
67%
145 demeteros totemique
67%
120 dialga
67%
110 dinglu
67%
134 dracolosse
67%
135 drattak
67%
101 engloutyran
67%
134 epine de fer
67%
115 felinferno
67%
115 feu perçant
67%
115 fulguris
67%
105 fulguris totemique
67%
100 giratina alternative
67%
120 giratina origin
67%
145 glaivodo
67%
150 groudon
67%
100 jirachi
67%
100 kyogre
67%
110 laggron
67%
120 lanssorien
67%
125 leviator
67%
113 lunala
67%
100 manaphy
67%
170 mega carchacrok
67%
124 méga dracolosse
67%
145 mega drattak
67%
175 méga glaivodo
67%
180 mega rayquaza
67%
155 méga scarabrute
67%
164 méga tyranocif
67%
107 necrozma
67%
113 necrozma ailes de l'aurore
67%
157 necrozma criniere du couchant
67%
120 palkia
67%
180 primo groudon
67%
150 primo kyogre
67%
150 rayquaza
67%
120 roc de fer
67%
123 roitiflam
67%
125 scarabrute
67%
125 shaofouine
67%
104 simiabraz
67%
137 solgaleo
67%
105 trioxhydre
67%
134 tyranocif
67%
167 ultra necrozma
67%
130 vert de fer
67%
100 victini
67%
110 volcanion
67%
131 xerneas
67%
131 yveltal
67%
130 zacian
67%
170 zacian epee supreme
67%
130 zamazenta
67%
130 zamazenta bouclier supreme
67%
112 zeraora
67%
100 zygarde 10%
67%
100 zygarde 100%
67%
100 zygarde 50%
67%
130 absol
33%
140 aeropteryx
33%
105 aligatueur
33%
131 ama-ama
33%
115 amovénus
33%
115 amovénus totemique
33%
110 arcanin
33%
115 arcanin de hisui
33%
125 armaldo
33%
100 banshitrouye
33%
120 bazoucan
33%
110 berserkatt
33%
140 betochef
33%
107 blindepique
33%
145 blizzeval
33%
100 bouldeneu
33%
125 bourrinos
33%
100 brutapode
33%
100 camerupt
33%
137 cancrelove
33%
100 capidextre
33%
165 charkos
33%
100 chevroum
33%
130 cizayox
33%
106 coatox
33%
100 cochignon
33%
120 colhomard
33%
105 colossinge
33%
125 corboss
33%
115 courrousinge
33%
132 crabominable
33%
100 craparoi
33%
150 deoxys
33%
180 deoxys attack
33%
110 desseliande
33%
100 diancie
33%
110 dimocles
33%
120 dimoret
33%
110 dodrio
33%
120 dogrino
33%
110 ekaiser
33%
125 electhor de galar
33%
123 elekable
33%
115 entei
33%
120 etouraptor
33%
140 exagide
33%
130 farfurex
33%
109 fermite
33%
100 flagadoss de galar
33%
115 flamenroule
33%
127 fongus furie
33%
131 fort ivoire
33%
105 fragilady de hisui
33%
110 frison
33%
110 galeking
33%
125 gallame
33%
100 galopa
33%
100 galopa de galar
33%
100 galvagla
33%
100 galvagon
33%
102 gambex
33%
130 garde de fer
33%
120 genesect
33%
105 geolithe
33%
135 gigalithe
33%
120 granbull
33%
120 grolem
33%
120 grolem d'alola
33%
135 hachécateur
33%
120 hariyama
33%
100 haydaim
33%
130 ho-oh
33%
110 hoopa
33%
160 hoopa dechainee
33%
117 incisache
33%
110 insecateur
33%
100 judokrak
33%
115 kabutops
33%
125 karaclee
33%
181 katagami
33%
120 kicklee
33%
135 koraidon
33%
130 krabboss
33%
105 krabby
33%
125 kranidos
33%
130 kyurem
33%
120 kyurem blanc
33%
170 kyurem noir
33%
135 lancargot
33%
103 lestombaile
33%
110 lucario
33%
100 machopeur
33%
130 mackogneur
33%
125 malvalame
33%
130 mammochon
33%
115 mangriff
33%
103 manternel
33%
125 marshadow
33%
150 méga absol
33%
154 méga absol Z
33%
140 méga airmure
33%
160 méga aligatueur
33%
110 mega altaria
33%
125 méga amphinobi
33%
130 méga baggaid
33%
137 méga blindepique
33%
132 mega blizzaroi
33%
165 mega branette
33%
160 méga brasegali
33%
137 méga brutalibré
33%
140 méga brutapode
33%
120 mega camerupt
33%
130 méga carchacrok Z
33%
100 mega charmina
33%
150 méga cizayox
33%
157 méga crabominable
33%
150 méga dardargnan
33%
120 méga darkrai
33%
160 méga diancie
33%
130 mega dracaufeu x
33%
104 mega dracaufeu y
33%
140 méga etouraptor
33%
140 mega galeking
33%
165 méga gallame
33%
120 méga heatran
33%
110 mega jungko
33%
150 méga laggron
33%
100 mega latias
33%
130 mega latios
33%
155 méga leviator
33%
145 mega lucario
33%
100 méga lucario Z
33%
125 méga magearna
33%
145 mega metalosse
33%
165 méga minotaupe
33%
105 mega mysdibule
33%
120 mega oniglali
33%
108 megapagos
33%
135 mega ptera
33%
135 méga raichu X
33%
100 méga raichu Y
33%
148 méga roitiflam
33%
150 méga sarmurai
33%
140 mega sharpedo
33%
140 méga staross
33%
125 mega steelix
33%
103 mega tortank
33%
157 méga zeraora
33%
143 melmetal
33%
128 meloetta forme pierouette
33%
135 metalosse
33%
100 meteno
33%
135 minotaupe
33%
160 monaflemit
33%
139 mouscoto
33%
100 muplodocus
33%
105 musteflott
33%
102 nidoking
33%
100 noctunoir
33%
105 ouvrifier
33%
135 palarticho
33%
112 paragruel
33%
140 paume de fer
33%
110 phyllali
33%
127 pierroteknik
33%
130 polagriffe
33%
110 pomdrapi
33%
105 pondralugon
33%
105 ptera
33%
130 pyroli
33%
120 quartermac
33%
115 qwilpik
33%
135 rampe ailes
33%
100 regidrago
33%
160 regigigas
33%
100 regirock
33%
120 reshiram
33%
121 rexillius
33%
140 rhinastoc
33%
130 rhinoferos
33%
112 roue de fer
33%
139 rugit lune
33%
100 sablaireau
33%
100 sablaireau d'alola
33%
145 sachanobi
33%
125 sarmurai
33%
115 scolocendre
33%
104 serpang
33%
100 seviper
33%
120 sharpedo
33%
100 shaymin
33%
103 shaymin celeste
33%
130 shifours
33%
100 sulfura
33%
165 sylveroy glace
33%
100 tauros
33%
110 tauros de paldea
33%
100 tengalice
33%
105 terapagos stellaire
33%
129 terrakium
33%
101 tomberro
33%
115 torgamord
33%
109 torterra
33%
147 tranchodon
33%
100 triopikeau
33%
100 triopikeur
33%
100 triopikeur d'alola
33%
105 tygnon
33%
140 ursaking
33%
130 ursaring
33%
100 vortente
33%
120 zarude
33%
150 zekrom
33%
120 angoliath
0%
110 argouste
0%
112 arkeapti
0%
113 balbaleze
0%
101 bamboiselle
0%
115 cacturne
0%
105 cerbyllin
0%
130 chapignon
0%
125 chelours
0%
100 cliticlic
0%
105 crabaraque
0%
117 crocorible
0%
115 deflaisan
0%
102 delestin
0%
105 denticrisse
0%
100 deusolourdo
0%
115 dodoala
0%
125 dolman
0%
120 donphan
0%
120 drakkarmin
0%
107 dunaconda
0%
105 empiflor
0%
128 felicanis
0%
105 floramantis
0%
100 fragroin
0%
140 froussardine banc
0%
100 gigansel
0%
124 golemastoc
0%
105 golgopathe
0%
125 gorythmic
0%
105 grotadmorv
0%
105 grotadmorv d'alola
0%
123 gueriaigle
0%
123 hastacuda
0%
100 hexadron
0%
112 hippodocus
0%
100 kraknoix
0%
118 krakos
0%
100 libegon
0%
115 lougaroc
0%
117 lougaroc crepusculaire
0%
115 lougaroc nocturne
0%
120 luxray
0%
110 mastouffe
0%
125 méga empiflor
0%
159 méga golemastoc
0%
140 méga golgopathe
0%
135 méga hexadron
0%
125 mega kangourex
0%
136 mega lockpin
0%
145 méga ohmassacre
0%
138 méga scovilain
0%
102 méga sepiatroce
0%
110 miascarade
0%
105 noadkoko d'alola
0%
105 octillery
0%
120 ogerpon
0%
115 ohmassacre
0%
100 oyacata
0%
130 pachyradjah
0%
120 palmaval
0%
124 pandarbare
0%
115 pohmarmotte
0%
116 pyrobut
0%
100 regieleki
0%
110 ronflex
0%
135 scalpereur
0%
125 scalproie
0%
108 scovilain
0%
117 seracrawl
0%
100 simularbre
0%
131 sinistrail
0%
120 sucreine
0%
160 superdofin
0%
100 tiboudet
0%
115 tokorico
0%
130 tokotoro
0%
115 virevorreur
0%
119 vrombotor
0%
101 wattapik
0%
100 zeblitz
0%
105 zoroark
0%
Aucun quiz correspondant
Distribution des résultats
% des personnes avec chaque résultat
Percentile par nombre de réponses
Votre historique - résultats
Vous n’avez pas pris ce quiz depuis la dernière actualisation